Techniques for the interpretation of remote sensing imagery for highway engineering purposes /

Bibliographic Details
Main Author: Beaumont, T. E.
Corporate Author: Transport and Road Research Laboratory
Format: Book
Language:English
Published: Crowthorne, Eng. : Transport and Road Research Laboratory, 1977.
Series:TRRL laboratory report ; 753.
Subjects:

MARC

Tag First Indicator Second Indicator Subfields
LEADER 00000cam a2200000 i 4500
001 in00000577360
005 20151014073401.0
008 770726s1977 enka f00010 eng d
035 |a (OCoLC)03141260 
035 |9 ACP4383AM 
040 |a TRL  |c TRL  |d m/c  |d TXA  |d UtOrBLW 
049 1 |a TXA2 
090 |a TE1.A3  |b T7 no. 753 
100 1 |a Beaumont, T. E. 
245 1 0 |a Techniques for the interpretation of remote sensing imagery for highway engineering purposes /  |c by T. E. Beaumont. 
264 1 |a Crowthorne, Eng. :  |b Transport and Road Research Laboratory,  |c 1977. 
300 |a 24 pages, 15 unnumbered pages :  |b illustrations ;  |c 28 cm. 
336 |a text  |b txt  |2 rdacontent 
337 |a unmediated  |b n  |2 rdamedia 
338 |a volume  |b nc  |2 rdacarrier 
490 1 |a TRRL Laboratory report,  |x 0305-1293 ;  |v 753 
504 |a Bibliography: pages 20-24. 
650 0 |a Remote sensing. 
650 0 |a Highway planning. 
710 2 |a Transport and Road Research Laboratory. 
830 0 |a TRRL laboratory report ;  |v 753. 
999 |a MARS 
999 f f |s 80b6fcf2-6685-361f-9b15-bfc226a4ea50  |i 775d29ea-0734-38bc-8939-6fba4cb80c96  |t 0 
952 f f |p ric  |a Texas A&M University  |b Rellis Campus  |c Joint Library Facility  |d Remote Storage  |t 0  |e TE1.A3 T7 no.753  |h Library of Congress classification  |i unmediated -- volume  |m A14810824958 
998 f f |a TE1.A3 T7 no.753  |t 0  |l Remote Storage